[Event "Dundee & Angus Open"]
[Site "?"]
[Date "2012.??.??"]
[Round "1"]
[White "Tate, Alan"]
[Black "Pyrich, George"]
[Result "1-0"]
[WhiteElo "2349"]
[BlackElo "1925"]
[PlyCount "103"]

1. e4 c5 2. Nf3 e6 3. d4 cxd4 4. Nxd4 Nc6 5. Nc3 Qc7 6. f4 Nxd4 7. Qxd4 a6 8.
Be3 b5 9. O-O-O Bb7 10. Bd3 Nf6 11. e5 Nd5 12. Ne4 Nxe3 13. Qxe3 Bxe4 14. Bxe4
Rc8 15. Kb1 Bc5 16. Qd3 g6 17. h4 Rd8 18. Qh3 h5 19. g4 d6 20. exd6 Rxd6 21.
Qc3 Rh7 22. Qf3 hxg4 23. Qxg4 Qe7 24. Rdf1 Qf6 25. Bd3 Bd4 26. Qd1 Ke7 27. c3
Bc5 28. h5 Rxh5 29. Rxh5 gxh5 30. Qxh5 Be3 31. Qe2 Bxf4 32. Qe4 e5 33. Bc2 Kf8
34. a3 Qd8 35. Rh1 Rh6 36. Rxh6 Bxh6 37. Qxe5 Qd2 38. Bb3 Qf4 39. Qh8+ Ke7 40.
Qa8 Qd6 41. Qb7+ Kf6 42. Qxf7+ Ke5 43. Qh5+ Ke4 44. Bc2+ Ke3 45. Qh3+ Kf2 46.
Qh4+ Ke3 47. Qe4+ Kd2 48. Qg2+ Ke3 49. Qe4+ Kd2 50. Qg2+ Ke3 51. Qg1+ Kd2 52.
Qd1+ 1-0

[Event "Dundee & Angus Open"]
[Site "?"]
[Date "2012.??.??"]
[Round "1"]
[White "Allor, Chukwuka"]
[Black "Jelfs, Alan"]
[Result "0-1"]
[WhiteElo "2163"]
[BlackElo "1858"]
[PlyCount "100"]

1. e4 e5 2. Nf3 Nc6 3. d4 exd4 4. Nxd4 Nf6 5. Nxc6 bxc6 6. Bd3 Bc5 7. e5 Nd5 8.
Qg4 g6 9. Bh6 d6 10. Qe2 Be6 11. O-O Qh4 12. Qd2 Qh5 13. Nc3 Nxc3 14. bxc3 Qxe5
15. Rfe1 Qf6 16. Bg5 Bxf2+ 17. Kh1 Bxe1 18. Rxe1 Qg7 19. Bh6 Qf6 20. Bg5 Qg7
21. Bh6 Qg8 22. c4 Kd7 23. c5 Re8 24. Qa5 Bd5 25. Rf1 Re6 26. cxd6 Rxd6 27. Bf4
Qb8 28. Bxd6 cxd6 29. c4 Be6 30. Qc3 Rg8 31. Rb1 Qc7 32. h3 Rb8 33. Rd1 Qb6 34.
Rb1 Qd8 35. Rf1 Qg5 36. Qa3 Qc5 37. Qc3 Rb4 38. Qg7 Qe5 39. Qxh7 Kc7 40. Bxg6
Bxc4 41. Rg1 Qf6 42. Be4 d5 43. Bf3 Rb2 44. Qg8 Rxa2 45. Qg3+ Qd6 46. Qg7 d4
47. Rd1 c5 48. Rb1 Bd5 49. Bxd5 Qxd5 50. Qg3+ Kc6 0-1

c6 0-1

[Event "Dundee & Angus Open"]
[Site "?"]
[Date "2012.??.??"]
[Round "1"]
[White "Doyle, Jim"]
[Black "Burns-Mannion, Stephen"]
[Result "1/2-1/2"]
[WhiteElo "1924"]
[BlackElo "2342"]
[PlyCount "109"]

1. e4 e5 2. Nf3 Nc6 3. Bb5 a6 4. Ba4 Nf6 5. d3 d6 6. c3 g6 7. Nbd2 Bg7 8. Nf1
b5 9. Bb3 Na5 10. Bc2 c5 11. Ng3 Nc6 12. O-O O-O 13. h3 Qe7 14. Be3 d5 15. Qc1
dxe4 16. dxe4 Re8 17. Bh6 Bh8 18. Bg5 Nd8 19. Be3 Qc7 20. Rd1 Ne6 21. Qd2 Rd8
22. Qe1 Bb7 23. Nh4 Bg7 24. Qe2 c4 25. f3 Bf8 26. Nf1 Bc5 27. g3 Nh5 28. Kh2
Rxd1 29. Rxd1 Rd8 30. Ng2 Rd6 31. Rxd6 Qxd6 32. Qd2 Qxd2 33. Nxd2 Kf8 34. Bxc5+
Nxc5 35. g4 Ng7 36. Kg3 Ke7 37. Kf2 Ke6 38. Ke3 h5 39. b3 hxg4 40. hxg4 cxb3
41. Nxb3 Kd6 42. Nxc5 Kxc5 43. Bb3 f6 44. Ne1 Bc8 45. Nd3+ Kd6 46. c4 Be6 47.
cxb5 axb5 48. Kd2 Bxb3 49. axb3 Ne6 50. b4 Nd4 51. Ke3 Nc6 52. Kd2 Ke7 53. Ke3
Kf7 54. f4 exf4+ 55. Kxf4 1/2-1/2

[Event "Dundee & Angus Open"]
[Site "?"]
[Date "2012.??.??"]
[Round "1"]
[White "Durno, Joy"]
[Black "Payada, Dmitriy"]
[Result "0-1"]
[WhiteElo "1790"]
[BlackElo "2014"]
[PlyCount "100"]

1. d4 Nf6 2. c4 c5 3. d5 b5 4. cxb5 a6 5. bxa6 Bxa6 6. Nc3 g6 7. Nf3 Bg7 8. g3
O-O 9. Bg2 d6 10. Rb1 Nbd7 11. O-O Qb6 12. Qc2 Rfb8 13. b3 Qa5 14. Bd2 Bb7 15.
a4 Qc7 16. Nh4 Nb6 17. e4 Ba6 18. Rfc1 Ng4 19. Bf1 Bd4 20. Kg2 Nxf2 21. Bxa6
Qd7 22. Nf5 gxf5 23. Bb5 Qd8 24. exf5 Ng4 25. Qe4 Nf6 26. Qf3 Nbd7 27. Ne2 Ne5
28. Qf4 Rxb5 29. axb5 Nxd5 30. Qg5+ Kh8 31. Nxd4 cxd4 32. Rc2 f6 33. Qh4 d3 34.
Rcb2 Qd7 35. Qe4 Qb7 36. Kh3 Rg8 37. Rf1 Rg4 38. Qxg4 Nxg4 39. Kxg4 Qxb5 40.
Rc1 Kg7 41. Rc4 Nb6 42. Rf4 Qe5 43. Ra2 Nd5 44. Rf2 Qe4+ 45. Kh3 h5 46. b4 Qg4+
47. Kg2 h4 48. Rb2 h3+ 49. Kg1 Nb6 50. Rb3 Qd1+ 0-1

[Event "Dundee & Angus Open"]
[Site "?"]
[Date "2012.??.??"]
[Round "1"]
[White "MacQueen, Calum"]
[Black "Grove, Mikey"]
[Result "1-0"]
[WhiteElo "2272"]
[BlackElo "1922"]
[PlyCount "149"]

1. d4 Nf6 2. c4 c5 3. d5 e6 4. Nc3 exd5 5. cxd5 d6 6. Nf3 g6 7. Bf4 Bg7 8. Qa4+
Bd7 9. Qb3 Qc7 10. e3 O-O 11. h3 Na6 12. Bc4 Rfe8 13. Nd2 Rab8 14. Bb5 Nb4 15.
a3 Nh5 16. Bh2 Bxc3 17. bxc3 Bxb5 18. axb4 c4 19. Qc2 Nf6 20. O-O Nxd5 21. Ne4
Rbd8 22. Rad1 Qe7 23. Rxd5 Bc6 24. Nxd6 Bxd5 25. Nxe8 Rxe8 26. Rd1 Be4 27. Qa4
Rd8 28. Bg3 Rd3 29. Rc1 Bd5 30. Qxa7 f6 31. Qb8+ Kf7 32. Qc7 Qxc7 33. Bxc7 Ke7
34. Bb6 Rd2 35. Bd4 Ra2 36. e4 Bc6 37. f3 Ba4 38. Kh2 b5 39. Re1 Ke6 40. f4 Bc2
41. f5+ Kf7 42. fxg6+ hxg6 43. e5 f5 44. e6+ Ke8 45. Re2 Bb3 46. Rxa2 Bxa2 47.
Bf6 f4 48. h4 Bb1 49. Kg1 Bf5 50. e7 Be4 51. Kf2 Bc6 52. g3 fxg3+ 53. Kxg3 Kf7
54. Bg5 Ke6 55. Kf4 Be8 56. Ke4 Kd6 57. Kd4 Bd7 58. Ke4 Be8 59. h5 gxh5 60. Kf5
Kd7 61. Bh4 Bf7 62. Kf6 Ke8 63. Ke5 Kd7 64. Kf5 Ke8 65. Kf6 Bg8 66. Ke5 Bh7 67.
Kd5 Bc2 68. Kc5 Ba4 69. Kc6 Bd1 70. Kxb5 Be2 71. Kc5 Kd7 72. b5 Bf1 73. Kb6 Bg2
74. Ka7 Bd5 75. b6 1-0

[Event "Dundee & Angus Open"]
[Site "?"]
[Date "2012.??.??"]
[Round "1"]
[White "Neave, George"]
[Black "Kelly, John S"]
[Result "1-0"]
[WhiteElo "2051"]
[BlackElo "1803"]
[PlyCount "91"]

1. d4 Nf6 2. c4 e6 3. Nf3 d5 4. g3 Bb4+ 5. Bd2 Bxd2+ 6. Qxd2 O-O 7. Bg2 c6 8.
O-O a5 9. Qc2 Na6 10. a3 b5 11. c5 Qc7 12. Nbd2 Bb7 13. e4 dxe4 14. Nxe4 Nxe4
15. Qxe4 Qe7 16. Ne5 Rac8 17. f4 f6 18. Nf3 Rce8 19. Rfe1 Nc7 20. Re2 g6 21.
Rae1 f5 22. Qc2 Rf6 23. Ne5 Qd8 24. Nxc6 Bxc6 25. Bxc6 Qxd4+ 26. Kh1 Re7 27.
Rd2 Qc4 28. Qxc4 bxc4 29. Rd6 Kf7 30. Kg1 Na6 31. Be8+ Rxe8 32. Rxa6 e5 33.
Ra7+ Re7 34. Rxa5 e4 35. Ra4 Rb7 36. Rb4 Rxb4 37. axb4 Rc6 38. Rc1 Ke6 39. Rxc4
Kd5 40. Rc1 h6 41. Kf2 Ra6 42. b5 Ra8 43. c6 Rc8 44. c7 Kd4 45. b6 Kd3 46. Rd1+
1-0

[Event "Dundee & Angus Open"]
[Site "?"]
[Date "2012.??.??"]
[Round "1"]
[White "Sreeves, Clement"]
[Black "Grant, David"]
[Result "1/2-1/2"]
[WhiteElo "2213"]
[BlackElo "1906"]
[PlyCount "94"]

1. c4 g6 2. g3 Bg7 3. Bg2 d6 4. Nc3 e5 5. e4 Ne7 6. Nge2 O-O 7. O-O Nbc6 8. d3
Be6 9. Nd5 Qd7 10. Bh6 Nxd5 11. Bxg7 Ne3 12. fxe3 Kxg7 13. Nc3 Ne7 14. Rf2 f6
15. b4 a5 16. b5 b6 17. Qb3 Bh3 18. Nd5 Bxg2 19. Kxg2 Rf7 20. Raf1 Raf8 21. a4
Nxd5 22. cxd5 Kg8 23. Qc4 Kg7 24. Qc2 Qe7 25. Rc1 Qd8 26. Qd1 f5 27. exf5 Rxf5
28. Rxf5 Rxf5 29. Qg4 Qd7 30. Qe4 Rf7 31. Re1 Qe7 32. d4 Qf6 33. Kh3 Qf2 34.
Rc1 Rf5 35. Qc2 Rh5+ 36. Kg4 Qxe3 37. Qxc7+ Kh6 38. h4 Qxd4+ 39. Kh3 Qxd5 40.
Rf1 Rf5 41. Qc1+ Kg7 42. Rxf5 gxf5 43. Qg5+ Kf7 44. Qxf5+ Kg7 45. Qg5+ Kf7 46.
Qf5+ Kg7 47. Qg5+ Kf7 1/2-1/2

[Event "Dundee & Angus Open"]
[Site "?"]
[Date "2012.??.??"]
[Round "1"]
[White "Grant, David"]
[Black "Bamber, Elaine"]
[Result "0-1"]
[WhiteElo "1906"]
[BlackElo "2095"]
[PlyCount "100"]

1. e4 e5 2. Nf3 Nc6 3. Bb5 a6 4. Ba4 Nf6 5. O-O b5 6. Bb3 Be7 7. Re1 O-O 8. a4
b4 9. d3 d6 10. Nbd2 Bg4 11. h3 Bh5 12. g4 Bg6 13. Nf1 Rb8 14. Ng3 Na5 15. Ba2
Nd7 16. g5 Nc5 17. h4 b3 18. Bb1 f6 19. h5 Bf7 20. g6 hxg6 21. hxg6 Bxg6 22.
Nh4 Bh7 23. Qg4 f5 24. Ngxf5 Bf6 25. Re3 Qd7 26. Rh3 Bxh4 27. Rxh4 Bxf5 28.
exf5 Qxf5 29. Qg2 Qf3 30. Qf1 Rf6 31. Rh3 Qg4+ 32. Rg3 Qxg3+ 33. fxg3 Rxf1+ 34.
Kxf1 bxc2 35. Bxc2 Nab3 36. Bxb3+ Rxb3 37. Bg5 Nxd3 38. Bd8 c6 39. Be7 d5 40.
Ba3 e4 41. Rd1 Nxb2 42. Rb1 Rxa3 43. Rxb2 Rxa4 44. Rc2 Rc4 45. Ra2 d4 46. Rxa6
Rc2 47. g4 d3 48. g5 Kf7 49. Ra4 e3 50. Re4 Rc1+ 0-1

[Event "Dundee & Angus Open"]
[Site "?"]
[Date "2012.??.??"]
[Round "1"]
[White "Jennings, Richard"]
[Black "Hogg, Stephen"]
[Result "0-1"]
[WhiteElo "1747"]
[BlackElo "1933"]
[PlyCount "70"]

1. c4 g5 2. g3 Bg7 3. Bg2 c5 4. Nc3 Nf6 5. e3 O-O 6. Nge2 d6 7. d4 Nc6 8. h4 g4
9. O-O Bf5 10. dxc5 dxc5 11. e4 Be6 12. Nd5 Ne5 13. Qc2 Nfd7 14. Rb1 Nf3+ 15.
Kh1 Nde5 16. b4 Rc8 17. b5 b6 18. Rd1 Bd7 19. Bxf3 gxf3 20. Ng1 f5 21. Bg5 Qe8
22. Nxe7+ Kh8 23. exf5 h6 24. f6 hxg5 25. fxg7+ Kxg7 26. Nxc8 gxh4 27. g4 Bxc8
28. Qe4 Bxg4 29. Rd5 Bf5 30. Qxe5+ Qxe5 31. Rxe5 Bxb1 32. Re7+ Rf7 33. Rxf7+
Kxf7 34. Nxf3 Be4 35. Kg2 Kf6 0-1

[Event "Dundee & Angus Open"]
[Site "?"]
[Date "2012.??.??"]
[Round "1"]
[White "Marks, Ian"]
[Black "Berry, Neil"]
[Result "1/2-1/2"]
[WhiteElo "1922"]
[BlackElo "2216"]
[PlyCount "60"]

1. d4 Nf6 2. c4 e6 3. Nc3 Bb4 4. Qc2 O-O 5. a3 Bxc3+ 6. Qxc3 d5 7. Nf3 dxc4 8.
Qxc4 b6 9. Bg5 Ba6 10. Qa4 c5 11. dxc5 bxc5 12. Rc1 Qb6 13. Bxf6 gxf6 14. Rc2
Rd8 15. g3 Bb5 16. Qg4+ Kf8 17. Bg2 Qa5+ 18. Rc3 Nc6 19. Qh5 Rac8 20. O-O Bxe2
21. Rxc5 Qb6 22. Rfc1 Qxb2 23. Qxh7 Qb6 24. h4 Rd1+ 25. Rxd1 Qxc5 26. Rd7 Ne7
27. Qh8+ Ng8 28. Qh7 Ne7 29. Qh8+ Ng8 30. Qh7 Ne7 1/2-1/2

[Event "Dundee & Angus Open"]
[Site "?"]
[Date "2012.??.??"]
[Round "1"]
[White "Campbell, Duncan A.F"]
[Black "Findlay, David"]
[Result "1-0"]
[WhiteElo "1898"]
[BlackElo "2175"]
[PlyCount "43"]

1. e4 e5 2. f4 exf4 3. Nf3 Nc6 4. Bc4 Nf6 5. Nc3 Bb4 6. e5 Ng4 7. O-O O-O 8. d4
d6 9. Bxf4 dxe5 10. dxe5 Bc5+ 11. Kh1 Nf2+ 12. Rxf2 Bxf2 13. Qf1 Bb6 14. Ng5
Qe8 15. Qd3 g6 16. Rf1 Be6 17. Nce4 Qd8 18. Nf6+ Kg7 19. Nxe6+ fxe6 20. Qh3
Rxf6 21. Bh6+ Kh8 22. exf6 1-0

[Event "Dundee & Angus Open"]
[Site "?"]
[Date "2012.??.??"]
[Round "1"]
[White "Tsang, Sai King"]
[Black "Romilly, Peter"]
[Result "1/2-1/2"]
[WhiteElo "2157"]
[BlackElo "1830"]
[PlyCount "55"]

1. d4 Nf6 2. Nf3 e6 3. g3 b6 4. Bg2 Bb7 5. c4 Be7 6. Nc3 O-O 7. O-O Ne4 8. d5
Nxc3 9. bxc3 d6 10. Nd4 e5 11. Nf5 Bf6 12. e4 g6 13. Nh6+ Kh8 14. Ng4 Bg7 15.
Ne3 Bc8 16. Bd2 f5 17. exf5 gxf5 18. f4 e4 19. g4 fxg4 20. Bxe4 Qe8 21. Bd3 Na6
22. Re1 Qh5 23. Be2 Rxf4 24. Ng2 Rf8 25. Nf4 Qh4 26. Ng2 Qh5 27. Nf4 Qh4 28.
Ng2 1/2-1/2

[Event "Dundee & Angus Open"]
[Site "?"]
[Date "2012.??.??"]
[Round "1"]
[White "Edwards, Jonathon"]
[Black "Babin, Andre"]
[Result "1-0"]
[WhiteElo "1987"]
[BlackElo "1744"]
[PlyCount "41"]

1. e4 e6 2. d4 d5 3. Nc3 Nf6 4. e5 Nfd7 5. f4 c5 6. Nf3 Nc6 7. Be3 a6 8. Qd2 b5
9. a3 Qb6 10. O-O-O Bb7 11. dxc5 Bxc5 12. Bxc5 Nxc5 13. b4 Na4 14. Nxa4 bxa4
15. Bd3 Ne7 16. Rhe1 Bc6 17. f5 h6 18. f6 gxf6 19. exf6 Nc8 20. Qf4 Na7 21. Qd6
1-0

[Event "Dundee & Angus Open"]
[Site "?"]
[Date "2012.??.??"]
[Round "1"]
[White "Grant, Alan"]
[Black "Roy, Ali"]
[Result "1-0"]
[WhiteElo "2114"]
[BlackElo "1838"]
[PlyCount "35"]

1. c4 c6 2. Nf3 d5 3. e3 Nf6 4. Qc2 e6 5. b3 Nbd7 6. Bb2 Be7 7. d4 O-O 8. Nbd2
b6 9. Bd3 Bb7 10. g4 h6 11. Rg1 Ne8 12. h4 c5 13. g5 h5 14. Bh7+ Kh8 15. Bg6 f5
16. Ne5 Nxe5 17. dxe5 d4 18. Qd1 1-0

[Event "Dundee & Angus Open"]
[Site "?"]
[Date "2012.??.??"]
[Round "1"]
[White "Mayo, Kevin"]
[Black "Robertson, David"]
[Result "1-0"]
[WhiteElo "1836"]
[BlackElo "2032"]
[PlyCount "59"]

1. d4 Nf6 2. c4 g6 3. Nc3 Bg7 4. e4 d6 5. Nf3 O-O 6. h3 e5 7. Be3 a5 8. Be2 Na6
9. O-O exd4 10. Nxd4 Nc5 11. f3 Nh5 12. Qe1 Ne6 13. Nxe6 fxe6 14. f4 Bf6 15.
Bxh5 gxh5 16. Rd1 Qe7 17. Qe2 h4 18. e5 dxe5 19. Ne4 Qg7 20. Nxf6+ Rxf6 21.
Rd8+ Kf7 22. Bc5 Qg6 23. Rf8+ Kg7 24. Qxe5 b6 25. Qxc7+ Rf7 26. Rxf7+ Qxf7 27.
Bd4+ Kg6 28. Qe5 h6 29. Qe4+ Qf5 30. Qxa8 1-0

[Event "Dundee & Angus Open"]
[Site "?"]
[Date "2012.??.??"]
[Round "2"]
[White "Dawson, Alastair"]
[Black "Doyle, Jim"]
[Result "1-0"]
[WhiteElo "1760"]
[BlackElo "1924"]
[PlyCount "103"]

1. d4 Nf6 2. Nf3 e6 3. g3 c5 4. Bg2 Nc6 5. O-O d5 6. c3 Be7 7. dxc5 Bxc5 8. b4
Bd6 9. Bb2 O-O 10. Nbd2 Bd7 11. a3 Rc8 12. c4 a6 13. Rc1 Bb8 14. Qb3 Re8 15.
Rfd1 Ba7 16. e3 Qe7 17. h3 b5 18. cxb5 axb5 19. Ne5 Nxe5 20. Bxe5 Bc6 21. Nf3
Nd7 22. Bd4 Bb8 23. Rc2 e5 24. Bb2 Nb6 25. Rdc1 Nc4 26. Nd2 Qb7 27. e4 Nxd2 28.
Rxd2 d4 29. Qd3 Bd7 30. Rdc2 Rxc2 31. Rxc2 Be6 32. Qf3 Qd7 33. Kh2 Bd6 34. Bf1
Rb8 35. g4 Be7 36. Bd3 Bb3 37. Rc1 Bg5 38. Rc5 Be7 39. Rc1 g6 40. Kg2 Rb6 41.
Bxb5 Qb7 42. Bc4 Bxc4 43. Rxc4 Rf6 44. Qd3 Rf4 45. f3 Rf6 46. Bc1 Rc6 47. Bd2
h5 48. Rxc6 Qxc6 49. b5 Qb6 50. a4 hxg4 51. hxg4 Qf6 52. g5 {
The next moves are missing but ends - b8=Q. Black resigns} 1-0

[Event "Dundee & Angus Open"]
[Site "?"]
[Date "2012.??.??"]
[Round "2"]
[White "Grove, Mikey"]
[Black "Durno, Joy"]
[Result "1-0"]
[WhiteElo "1922"]
[BlackElo "1790"]
[PlyCount "89"]

1. e4 c5 2. Nf3 e6 3. c3 Nf6 4. e5 Nd5 5. Bc4 Nb6 6. Bb3 c4 7. Bc2 Nc6 8. d4
cxd3 9. Qxd3 f5 10. O-O Be7 11. Na3 a6 12. Be3 Nd5 13. Nc4 Qc7 14. a4 b6 15.
Bg5 Nxe5 16. Ncxe5 Bxg5 17. Nxg5 Qxe5 18. Rfe1 Qd6 19. c4 Qe7 20. cxd5 Qxg5 21.
dxe6 dxe6 22. Qd5 Ra7 23. Qc6+ Kf7 24. Bb3 Re7 25. Qxb6 Rhe8 26. Rac1 Kf8 27.
Rc7 Rxc7 28. Qxc7 Qe7 29. Qe5 Qb4 30. Bc2 Bd7 31. a5 Bb5 32. h3 Kg8 33. Re3 g6
34. Bb3 Bd7 35. Rd3 Qb5 36. Qd6 Bc8 37. Rc3 Qd7 38. Qe5 Re7 39. Ba4 Qb7 40. Qf6
Rf7 41. Qe5 Re7 42. Qf6 Rf7 43. Qd8+ Rf8 44. Be8 Qxb2 45. Qxc8 1-0

[Event "Dundee & Angus Open"]
[Site "?"]
[Date "2012.??.??"]
[Round "2"]
[White "Payada, Dmitriy"]
[Black "Tate, Alan"]
[Result "0-1"]
[WhiteElo "2014"]
[BlackElo "2349"]
[PlyCount "98"]

1. e4 c5 2. Nf3 Nc6 3. c4 g6 4. Nc3 Bg7 5. Be2 Nf6 6. d3 O-O 7. h3 Ne8 8. O-O
Nc7 9. Be3 Ne6 10. Qd2 Ned4 11. Bh6 Nxf3+ 12. Bxf3 Bxh6 13. Qxh6 a6 14. Nd5 e6
15. Nf4 Qf6 16. b3 Nd4 17. Rae1 d6 18. Bd1 Qg7 19. Qg5 Qe5 20. Qh6 Qg7 21. Qg5
Qe5 22. Qh6 Bd7 23. Re3 Qg7 24. Qg5 f6 25. Qg3 f5 26. Ne2 Nxe2+ 27. Rxe2 f4 28.
Qf3 Qe5 29. Ree1 b5 30. h4 b4 31. Bc2 a5 32. Rd1 Qc3 33. Bb1 e5 34. Qe2 Qd4 35.
Kh2 a4 36. bxa4 Rxa4 37. Rg1 Kg7 38. f3 Ra7 39. Rdf1 Rb8 40. g3 b3 41. a3 Rxa3
42. gxf4 exf4 43. Kh1 Qf6 44. Qf2 Rba8 45. Qe1 Ra1 46. Rg5 h6 47. Rg2 Bh3 48.
Rfg1 Bxg2+ 49. Rxg2 Rxb1 0-1

[Event "Dundee & Angus Open"]
[Site "?"]
[Date "2012.??.??"]
[Round "2"]
[White "Roy, Ali"]
[Black "Jennings, Richard"]
[Result "1-0"]
[WhiteElo "1838"]
[BlackElo "1747"]
[PlyCount "129"]

1. e4 e5 2. Nf3 Nf6 3. Nxe5 d6 4. Nf3 Nxe4 5. Bc4 d5 6. Qe2 Be7 7. Bb3 O-O 8.
O-O Bg4 9. d3 Ng5 10. Nbd2 Nc6 11. c3 Re8 12. d4 Bd6 13. Qd3 Nxf3+ 14. Nxf3 Ne7
15. Bg5 f6 16. Bh4 Bf5 17. Bxd5+ Kh8 18. Be4 Qd7 19. Rfe1 g5 20. Bg3 Bxe4 21.
Rxe4 f5 22. Be5+ Bxe5 23. Rxe5 h6 24. Rae1 g4 25. Nh4 Kg7 26. Qe3 Nd5 27. Nxf5+
Qxf5 28. Rxf5 Nxe3 29. fxe3 Kg6 30. Rf4 h5 31. e4 Re6 32. Ref1 Rae8 33. e5 c5
34. Rf6+ Kg7 35. Rf7+ Kg6 36. Rxb7 cxd4 37. cxd4 Rd8 38. Rb4 Rc8 39. h4 Rc2 40.
Kh2 Rd2 41. Rf4 Rc6 42. Rb7 a5 43. a4 Rd3 44. Rbf7 Rxd4 45. Rxd4 Kxf7 46. Rd5
Ra6 47. Kg3 Ke6 48. Rb5 Ra8 49. Rb6+ Kxe5 50. Rb5+ Kd4 51. Rxh5 Rb8 52. Rb5 Ra8
53. Kxg4 Ke4 54. h5 Rg8+ 55. Rg5 Rb8 56. h6 Rxb2 57. h7 Rxg2+ 58. Kh5 Rh2+ 59.
Kg6 Kf4 60. Rg1 Ke5 61. Kg7 Kd4 62. h8=Q Rxh8 63. Kxh8 Kc4 64. Rb1 Kc5 65. Rb5+
1-0

[Event "Dundee & Angus Open"]
[Site "?"]
[Date "2012.??.??"]
[Round "2"]
[White "O'Rourke, Dominic"]
[Black "Olson, Hamish"]
[Result "0-1"]
[WhiteElo "1813"]
[BlackElo "2007"]
[PlyCount "105"]

1. e4 c5 2. Nf3 Nc6 3. Bb5 g6 4. Bxc6 dxc6 5. O-O Bg7 6. c3 Bg4 7. h3 Bxf3 8.
Qxf3 Qd7 9. d3 Rd8 10. Rd1 e5 11. Na3 Nf6 12. Bg5 Qe6 13. Qe3 b6 14. f4 h6 15.
Bxf6 Qxf6 16. fxe5 Qxe5 17. Nc4 Qe6 18. Qf3 O-O 19. Rf1 Rd7 20. Rad1 b5 21. Ne3
Qxa2 22. Rf2 Rfd8 23. Ng4 Qe6 24. Nf6+ Bxf6 25. Qxf6 Rxd3 26. Qxd8+ Rxd8 27.
Rxd8+ Kg7 28. Re2 a5 29. e5 a4 30. Rd6 Qe7 31. Rxc6 b4 32. cxb4 cxb4 33. e6 a3
34. bxa3 bxa3 35. Rf2 fxe6 36. Rcc2 $11 36... e5 37. Ra2 e4 38. Rfc2 h5 39. Kf2
Qa7+ 40. Ke2 Qg1 41. g4 hxg4 42. hxg4 Qxg4+ 43. Ke3 Qf3+ 44. Kd4 g5 45. Rf2
Qd3+ 46. Ke5 e3 47. Rg2 Kg6 48. Rac2 Qf5+ 49. Kd4 Qf4+ 50. Kd3 Qf3 51. Kd4 g4
52. Kc5 Kf5 53. Rge2 0-1

[Event "Dundee & Angus Open"]
[Site "?"]
[Date "2012.??.??"]
[Round "2"]
[White "Babin, Andre"]
[Black "Allor, Chukwuka"]
[Result "1/2-1/2"]
[WhiteElo "1749"]
[BlackElo "2163"]
[PlyCount "93"]

1. Nf3 Nf6 2. g3 g6 3. Bg2 Bg7 4. c4 O-O 5. d4 d5 6. cxd5 Nxd5 7. O-O Nc6 8. e4
Nb6 9. d5 Na5 10. Nc3 c6 11. dxc6 Nxc6 12. h3 Be6 13. Bf4 Nc4 14. Qe2 Qa5 15.
Rac1 h6 16. Rfd1 g5 17. Be3 Nxe3 18. Qxe3 Rad8 19. Kh2 Qb4 20. Nd5 Qxb2 21. Rb1
Qxa2 22. Rxb7 Kh7 23. Rc1 Rxd5 24. exd5 Bxd5 25. Nxg5+ hxg5 26. Qd3+ Kg8 27.
Qxd5 Qxd5 28. Bxd5 Nd4 29. Rxe7 a5 30. Rc4 Nf5 31. Rd7 Be5 32. Rg4 Bf6 33. Rc4
Kg7 34. Rcc7 Nh6 35. Kg2 Rd8 36. Rxd8 Bxd8 37. Ra7 Bb6 38. Ra6 Bd8 39. f4 gxf4
40. g4 Ng8 41. Ra7 Ne7 42. Be4 Kf6 43. h4 Ke5 44. Kf3 f5 45. gxf5 Nxf5 46. Bxf5
Kxf5 47. h5 1/2-1/2

[Event "Dundee & Angus Open"]
[Site "?"]
[Date "2012.??.??"]
[Round "2"]
[White "Pyrich, George"]
[Black "Newton, Andrew"]
[Result "1-0"]
[WhiteElo "1925"]
[BlackElo "1813"]
[PlyCount "109"]

1. d4 Nf6 2. c4 e6 3. Nc3 Bb4 4. e3 b6 5. Nge2 Ba6 6. Ng3 Bxc3+ 7. bxc3 d5 8.
Ba3 dxc4 9. e4 b5 10. Be2 Nbd7 11. O-O c6 12. Qc2 Nb6 13. e5 Nfd5 14. Ne4 Nc8
15. Qd2 Rb8 16. Rfb1 Rb7 17. Bf3 h6 18. Bc5 Rd7 19. a4 Rc7 20. Bd6 Rb7 21. Nc5
Nxd6 22. exd6 Qxd6 23. axb5 Rxb5 24. Nxa6 O-O 25. Rxb5 cxb5 26. Nc5 Ra8 27. Ra6
Qe7 28. Qe1 Re8 29. g3 Nf6 30. Qa1 Qd8 31. Rxa7 Nd5 32. Ne4 Qb8 33. Qa3 Rd8 34.
Bh5 g6 35. Bf3 b4 36. cxb4 Qxb4 37. Nf6+ Kg7 38. Nxd5 Qe1+ 39. Kg2 exd5 40. Qe7
Qxe7 41. Rxe7 Kf6 42. Rc7 Rd6 43. Rc5 Ke6 44. Kf1 f5 45. Ke2 g5 46. Ke3 Rd8 47.
Rc6+ Rd6 48. Rxd6+ Kxd6 49. Kd2 f4 50. g4 Kc6 51. Kc3 Kd6 52. Kb4 Kc6 53. Bd1
Kb6 54. Ba4 Ka6 55. Bc6 1-0

[Event "Dundee & Angus Open"]
[Site "?"]
[Date "2012.??.??"]
[Round "2"]
[White "Romilly, Peter"]
[Black "Murdochy, Shivan"]
[Result "1-0"]
[WhiteElo "2157"]
[BlackElo "1880"]
[PlyCount "95"]

1. d4 e6 2. e4 d5 3. Nc3 Nf6 4. Bg5 Bb4 5. e5 h6 6. Bd2 Bxc3 7. bxc3 Ne4 8. Qg4
g6 9. Bd3 Nxd2 10. Kxd2 c5 11. Nf3 Nc6 12. Rhb1 c4 13. Be2 b6 14. h4 Bd7 15.
Qf4 Qe7 16. Nh2 O-O-O 17. Rh1 b5 18. a3 a5 19. Rhb1 Na7 20. Nf3 Kc7 21. Qf6 Qf8
22. Ke1 Rb8 23. Kf1 Nc6 24. Rb2 Rb7 25. Kg1 Rh7 26. Qf4 Rh8 27. Nh2 Qe7 28. Ng4
h5 29. Nh2 Rhb8 30. Nf3 b4 31. axb4 axb4 32. cxb4 Rxb4 33. Rxb4 Rxb4 34. Qc1
Qd8 35. c3 Rb8 36. Bd1 Ra8 37. Ng5 Rxa1 38. Qxa1 Be8 39. Qa3 Qe7 40. Qa6 Bd7
41. g3 Nb8 42. Qa7+ Kc8 43. Ba4 Qf8 44. Bb5 Qe8 45. Ba6+ Nxa6 46. Qxa6+ Kd8 47.
Nh7 Bc8 48. Qb6+ 1-0

[Event "Dundee & Angus Open"]
[Site "?"]
[Date "2012.??.??"]
[Round "2"]
[White "Findlay, David"]
[Black "Marks, Ian"]
[Result "1/2-1/2"]
[WhiteElo "2175"]
[BlackElo "1922"]
[PlyCount "71"]

1. e4 d6 2. Nc3 Nf6 3. f4 Bg4 4. Nf3 e6 5. h3 Bxf3 6. Qxf3 Nc6 7. Bb5 d5 8. O-O
Bc5+ 9. Kh1 O-O 10. Bxc6 bxc6 11. d3 Rb8 12. Ne2 a5 13. e5 Nd7 14. d4 Be7 15.
Qc3 c5 16. Qxa5 cxd4 17. Nxd4 Bb4 18. Qa6 Nc5 19. Qe2 Ne4 20. Kh2 Qh4 21. Qg4
Qxg4 22. hxg4 c5 23. Ne2 f6 24. exf6 gxf6 25. Ng3 Nxg3 26. Kxg3 e5 27. fxe5
fxe5 28. Bh6 Rxf1 29. Rxf1 c4 30. Rd1 d4 31. Kf3 Bf8 32. Bxf8 Rxf8+ 33. Ke4 Rf2
34. Rc1 Rxg2 35. Kxe5 d3 36. cxd3 1/2-1/2

[Event "Dundee & Angus Open"]
[Site "?"]
[Date "2012.??.??"]
[Round "2"]
[White "Burns-Mannion, Stephen"]
[Black "Walker, Duncan"]
[Result "1-0"]
[WhiteElo "2324"]
[BlackElo "1884"]
[PlyCount "53"]

1. e4 c5 2. Nf3 e6 3. d4 cxd4 4. Nxd4 a6 5. Bd3 Nc6 6. Nxc6 dxc6 7. Nd2 Bd6 8.
Nc4 Bc7 9. Qg4 g6 10. O-O b5 11. Ne3 Nf6 12. Qe2 Nh5 13. g3 e5 14. a4 Rb8 15.
b3 O-O 16. Bb2 Bh3 17. Rfd1 Qg5 18. Kh1 f5 19. Rg1 Rbe8 20. axb5 axb5 21. Ra6
Re6 22. Bc1 f4 23. gxf4 Qxf4 24. Qxh5 Qf3+ 25. Qxf3 Rxf3 26. Rg3 Rxg3 27. hxg3
1-0

[Event "Dundee & Angus Open"]
[Site "?"]
[Date "2012.??.??"]
[Round "2"]
[White "Grant, David"]
[Black "Spencer, Ed"]
[Result "0-1"]
[WhiteElo "1906"]
[BlackElo "2038"]
[PlyCount "60"]

1. e4 c5 2. c3 Nf6 3. e5 Nd5 4. d4 cxd4 5. cxd4 d6 6. Bc4 Nb6 7. Bb5+ Bd7 8.
Bxd7+ Qxd7 9. Nf3 Nc6 10. O-O Rd8 11. Qe2 e6 12. Nc3 Be7 13. Rd1 O-O 14. Bf4
Nb4 15. Bg3 d5 16. Bh4 Bxh4 17. Nxh4 a6 18. f4 Nc4 19. a3 Nc6 20. Rd3 f5 21.
Rad1 g6 22. Rg3 Rf7 23. Rdd3 Rg7 24. Nf3 b5 25. h4 b4 26. Na4 a5 27. Nc5 Qe7
28. Ng5 Nxd4 29. Qf2 Qxc5 30. axb4 Ne2+ 0-1

[Event "Dundee & Angus Open"]
[Site "?"]
[Date "2012.??.??"]
[Round "2"]
[White "Bamber, Elaine"]
[Black "Campbell, Duncan"]
[Result "1-0"]
[WhiteElo "2095"]
[BlackElo "1898"]
[PlyCount "47"]

1. e4 e6 2. d4 d5 3. Nd2 Nf6 4. e5 Nfd7 5. c3 c5 6. Bd3 Nc6 7. Ne2 Qb6 8. Nf3
cxd4 9. cxd4 f6 10. exf6 Nxf6 11. O-O Bd6 12. Re1 O-O 13. Nf4 Re8 14. Ng5 Nd8
15. Nxh7 Bxf4 16. Nxf6+ gxf6 17. Bxf4 Nf7 18. Bg6 Re7 19. Re3 Kf8 20. Rb3 Qc6
21. Qh5 b6 22. Rc3 Qb5 23. Bd6 Nxd6 24. Qh8# 1-0

[Event "Dundee & Angus Open"]
[Site "?"]
[Date "2012.??.??"]
[Round "2"]
[White "Hogg, Steve"]
[Black "Grant, Alan"]
[Result "0-1"]
[WhiteElo "1933"]
[BlackElo "2114"]
[PlyCount "40"]

1. Nf3 c5 2. b3 b6 3. Bb2 Bb7 4. c4 e6 5. d4 cxd4 6. Qxd4 Nf6 7. Nc3 d6 8. e4
Be7 9. h3 a6 10. Bd3 Nbd7 11. O-O Qc7 12. Qe3 O-O 13. Rac1 Rfe8 14. Rfe1 Rac8
15. a3 Qb8 16. Nd2 Bf8 17. Bf1 g6 18. Na4 Bg7 19. Nxb6 Nxb6 20. Qxb6 Nd7 0-1